Jenji Kohan Filmography - Statistics

General Stats
  • This quiz has been taken 2 times
  • The average score is 24 of 41
Answer Stats
Type Year Name % Correct
Web Series Writer 2017 GLOW
100%
Web Series Production 2017-2019 GLOW
100%
TV Show Writer 1996-1997 Mad About You
100%
TV Show Production 1996-1997 Mad About You
100%
Web Series Creator 2013-2019 Orange Is the New Black
100%
Web Series Writer 2013-2019 Orange Is the New Black
100%
Web Series Production 2013-2019 Orange Is the New Black
100%
Web Mini-Series Production 2024 The Decameron
100%
TV Show Writer 1996-1999 Tracey Takes On...
100%
TV Show Production 1996-1999 Tracey Takes On...
100%
TV Show Creator 2005-2012 Weeds
100%
TV Show Writer 2005-2012 Weeds
100%
TV Show Production 2005-2012 Weeds
100%
TV Show Production 2019 American Princess
50%
TV Show Writer 1996 Boston Common
50%
TV Show Production 1995 First Time Out
50%
TV Show Writer 2000 Gilmore Girls
50%
TV Show Production 2000-2001 Gilmore Girls
50%
TV Pilot Production 2007 Me & Lee?
50%
TV Show Writer 2002 My Adventures in Television
50%
TV Show Production 2002 My Adventures in Television
50%
TV Pilot Writer 2002 My Wonderful Life
50%
TV Pilot Production 2002 My Wonderful Life
50%
TV Pilot Writer 2009 Ronna & Beverly
50%
TV Pilot Production 2009 Ronna & Beverly
50%
TV Show Writer 1998 Sex and the City
50%
Web Mini-Series Production 2020 Social Distance
50%
Web Series Writer 2020 Teenage Bounty Hunters
50%
Web Series Production 2020 Teenage Bounty Hunters
50%
TV Show Creator 2004 The Stones
50%
TV Show Writer 2004 The Stones
50%
TV Show Production 2004 The Stones
50%
TV Pilot Writer 2010 Tough Trade
50%
TV Pilot Production 2010 Tough Trade
50%
Web Mini-Series Production 2021 Worn Stories
50%
TV Show Writer 1994 Friends
0%
TV Special Production 1996 The Best of Tracey Takes On...
0%
TV Mini-Series Creator 2015 The Devil You Know
0%
TV Mini-Series Writer 2015 The Devil You Know
0%
TV Show Writer 1994 The Fresh Prince of Bel-Air
0%
TV Show Writer 2002 Will & Grace
0%
No matching quizzes found
Score Distribution
Percent of People with Each Score
Percentile by Number Answered
Your Score History
You have not taken this quiz